| 000 | 00545nam a2200181Ia 4500 | ||
|---|---|---|---|
| 008 | 151018s9999 xx 000 0 und d | ||
| 082 |
_bRBASDV34716 _a910.4 |
||
| 100 | _aमीना - प्रभू | ||
| 245 | _aमोक्सिकोपव | ||
| 250 | _b1 | ||
| 260 |
_bपुणे प्रकाशन _c2001 |
||
| 300 | _a277 | ||
| 600 | _aमीना - प्रभू | ||
| 630 | _aमोक्सिकोपव | ||
| 700 | _aमीना - प्रभू | ||
| 730 | _aमोक्सिकोपव | ||
| 942 | _cBOOK | ||
| 999 |
_c1034203 _d1034200 |
||